| 000 | 00673nam a2200253Ia 4500 | ||
|---|---|---|---|
| 008 | 170203s9999 xx 000 0 und d | ||
| 020 | _a0-590187554 | ||
| 050 | _aFic | ||
| 050 | _bB146c | ||
| 100 | _aBaglio, Ben M. | ||
| 245 | _aCub in the cupboard / | ||
| 245 | _cBen M. Baglio ; illustrations by Shelagh McNicholas ; cover illustration by Mary Ann Lasher. | ||
| 260 | _aNew York : | ||
| 260 | _bScholastic, Inc., | ||
| 260 | _c©1994. | ||
| 300 | _a147 pages : | ||
| 300 | _billustrations ; | ||
| 300 | _c20 cm. | ||
| 500 | _a"An Apple paperback." | ||
| 650 | _aAnimals -- | ||
| 650 | _aFoxes -- | ||
| 650 | _xFiction. | ||
| 650 | _xFiction. | ||
| 999 |
_c306573 _d306573 |
||